Villette /

Збережено в:
Бібліографічні деталі
Автор: Brontë, Charlotte (autor)
Формат: Книга
Мова:Англійська
Опубліковано: Londres, Inglaterra : Penguin, 2004, c2004
Серія:(Penguin Classics)
Предмети:
Теги: Додати тег
Немає тегів, Будьте першим, хто поставить тег для цього запису!

MARC

LEADER 00000nam^a2200000^a^4500
001 000418854
005 20250521000000.0
009 20260310122429
020 |a 978-0-140-43479-8 
037 |a Acervo ITESO - Biblioteca 
041 |a ING 
082 |a 823.  |b BRO 
100 |a Brontë, Charlotte  |e (autor) 
245 1 0 |a Villette /  |c C. Brontë ; ed., introd. y notas por Helen M. Cooper. 
264 4 |a Londres, Inglaterra :  |b Penguin,  |c 2004, c2004 
300 |a LI, 619 p. 
336 |a texto  |b txt  |2 rdacontenido 
337 |a sin mediación  |b n  |2 rdamedio 
338 |a volumen  |b nc  |2 rdasoporte 
440 1 |a (Penguin Classics) 
521 |a Peticiones 2020 
545 0 |a Nacida en 1816 en Thornton, la escritora inglesa Charlotte Brontë fue la tercera hija del eclesiástico irlandés Patrick Brontë y de Maria Branwell. El padre fue nombrado en 1820 vicario perpetuo de la aldea de Howarth, en la región de los páramos de Yorkshire, un paisaje donde transcurrió casi toda la vida de la autora. Huérfanos de madre a muy corta edad, los hermanos Brontë fueron educados por una tía y crearon tempranamente un mundo imaginario del que surgieron elaboradas historias infantiles. Charlotte Brontë publicó en 1846, junto con sus hermanas menores Emily y Anne, un volumen de Poesías, pero no encontró editor para El profesor, su primera novela, aparecida póstumamente hasta 1859. Jane Eyre (1847), en contraste, alcanzó inmediatamente el éxito y ha permanecido como su novela más célebre, expresiva de las frustraciones y fantasías de la autora. Mientras Emily Brontë fallecía en 1848 y Anne Brontë un año después, la mayor de las tres hermanas-autoras escribió Shirley (1849) y completó su obra narrativa con Villette (1852), aparecida tres años antes de su muerte. 
649 |a XX 
650 |a Profesores en la Literatura 
650 |a Educadores en la Literatura 
650 |a Hombres en la Literatura 
650 |a Ingleses en Bélgica 
650 |a Novela de Iniciación -  |z Inglaterra 
650 |a Novela Inglesa 
650 |a Religión y Literatura -  |z Inglaterra 
650 |a Literatura Autobiográfica -  |z Inglaterra 
650 |a Literatura de Mujeres -  |z Inglaterra 
650 |a Literatura Inglesa -  |y Siglo XIX 
650 |a Amor en la Literatura 
650 |a Internados en la Literatura 
650 |a Bruselas, Bélgica en la Literatura 
650 |a Bélgica en la Literatura 
650 |a Brontë, Charlotte 
910 |a Fondo General 
920 |a Impresos - Libros 
930 |a Colección General 
940 |a Literatura 
905 |a 101 
901 |a 0500327515  |b IT1  |c LIT  |i C171130  |u 20250521 
902 |a https://opac.biblio.iteso.mx/vufind/Record/000418854